| 000 | 01109nam a2200289Ia 4500 | ||
|---|---|---|---|
| 001 | ebr10305852 | ||
| 003 | CaPaEBR | ||
| 006 | m u | ||
| 007 | cr cn||||||||| | ||
| 008 | 050323s2005 mau s 000 1 eng d | ||
| 010 | _z 2005045214 | ||
| 020 | _z9780674024199 | ||
| 020 | _z0674019415 (hardcover) | ||
| 040 |
_aCaPaEBR _cCaPaEBR |
||
| 035 | _a(OCoLC)647804536 | ||
| 050 | 1 | 4 |
_aPS3619.P548 _bI57 2005eb |
| 100 | 1 | _aSpiller, Roger J. | |
| 245 | 1 | 3 |
_aAn instinct for war _h[electronic resource] : _bscenes from the battlefields of history / _cRoger Spiller. |
| 260 |
_aCambridge, MA : _bBelknap Press of Harvard University Press, _c2005. |
||
| 300 | _a403 p. | ||
| 533 |
_aElectronic reproduction. _bPalo Alto, Calif. : _cebrary, _d2009. _nAvailable via World Wide Web. _nAccess may be limited to ebrary affiliated libraries. |
||
| 650 | 0 |
_aBattles _vFiction. |
|
| 650 | 0 | _aWar stories. | |
| 655 | 7 |
_aElectronic books. _2local |
|
| 710 | 2 | _aebrary, Inc. | |
| 856 | 4 | 0 |
_uhttp://site.ebrary.com/lib/rucke/Doc?id=10305852 _zAn electronic book accessible through the World Wide Web; click to view |
| 999 |
_c61119 _d61119 |
||